000 00625nam a2200217Ia 4500
003 OSt
005 20220926022948.0
006 a|||||r|||| 00| 0
007 ta
008 220923b |||||||| |||| 00| 0 eng d
037 _cGeneral Book
040 _aRTL
_cRTL
_beng
041 _2eng
_aeng
082 _aY:4:6, K2-K2;1
100 _aJohnston Norman, and others Ed.
_9328505
245 0 _aSociology of punishment and correction
260 _aNew York
_bWiley
_c1962
300 _axi,349p
_ccm.
942 _hY:4:6, K2-K2;1
_cGB
_2CC
999 _c640681
_d640681